Media and power in international contexts : perspectives on agency and identity /

This special volume of Emerald Studies in Media and Communications is entitled Media and Power in International Contexts: Perspectives on Agency and Identity. Scholars of communication, media studies, sociology, and cultural studies come together to examine axioms of power at play across different f...

Πλήρης περιγραφή

Λεπτομέρειες βιβλιογραφικής εγγραφής
Άλλοι συγγραφείς: Williams, Apryl (Επιμελητής έκδοσης), Tsuria, Ruth (Επιμελητής έκδοσης), Robinson, Laura (Sociologist) (Επιμελητής έκδοσης), Khilnani, Aneka (Επιμελητής έκδοσης)
Μορφή: Ηλ. βιβλίο
Γλώσσα:English
Έκδοση: Bingley, U.K. : Emerald Publishing Limited, 2018.
Σειρά:Studies in media and communications ; v. 16.
Θέματα:
Διαθέσιμο Online:Full Text via HEAL-Link
LEADER 03886nam a2200445 4500
001 9781787694552
003 UtOrBLW
005 20181115125929.0
006 m o d
007 cr un|||||||||
008 181115t20182019enk o 001 0 eng d
020 |a 9781787694552 (e-book) 
040 |a UtOrBLW  |b eng  |e rda  |c UtOrBLW  |d GrThAP 
050 4 |a HM1206  |b .M43 2018 
072 7 |a J  |2 bicssc 
072 7 |a SOC000000  |2 bisacsh 
080 |a 658.6 
082 0 4 |a 302.23  |2 23 
245 0 0 |a Media and power in international contexts :  |b perspectives on agency and identity /  |c edited by Apryl A. Williams, Ruth Tsuria, Laura Robinson and Aneka Khilnani. 
264 1 |a Bingley, U.K. :  |b Emerald Publishing Limited,  |c 2018. 
264 4 |c ©2019 
300 |a 1 online resource (192 pages). 
336 |a text  |b txt  |2 rdacontent 
337 |a computer  |b c  |2 rdamedia 
338 |a online resource  |b cr  |2 rdacarrier 
490 1 |a Studies in media and communications,  |x 2050-2060 ;  |v volume 16 
500 |a Includes index. 
505 0 |a Prelims -- Media and power in international contexts: perspectives on agency and identity -- Section I Media, power, and agency -- Chapter 1 Power and representation: activist standing in broadcast news, 19702012 -- Chapter 2 Learning from a "teachable moment": the Henry Louis Gates arrest as media spectacle and theorizing colorblind racism -- Chapter 3 Economically challenged but academically focused: the low-income Chinese immigrant families' acculturation, parental involvement, and parental mediation -- Chapter 4 The globalization of Facebook: Facebook's penetration in developed and developing countries -- Section II Media, power, and identity -- Chapter 5 Hybridizing national identity: reflections on the media consumption of middle-class catholic women in urban India -- Chapter 6 Reading a complex Latina stereotype: an analysis of Modern Family's Gloria Pritchett, intersectionality, and audiences -- Chapter 7 Manifestations and contestations of hegemony in video gaming by immigrant youth in Norway -- Index. 
520 |a This special volume of Emerald Studies in Media and Communications is entitled Media and Power in International Contexts: Perspectives on Agency and Identity. Scholars of communication, media studies, sociology, and cultural studies come together to examine axioms of power at play across different forms of cultural production. Contributing to these fields, the volume highlights the value of interdisciplinary work and international perspectives to enrich our understandings of agency and identity vis-a-vis key case studies of media consumption and production.International contributions shed new light on the complex ways in which media reinforce and reflect power in different societal and national arenas. The result is a rich interdisciplinary and multi-method exploration of how power is conceptualized and realized through a variety of hegemonic and discursive practices. The authors' analysis of critical case studies makes important progress towards closing theoretical gaps concerning the study of the complex relationships between media and gender, race, ethnicity, and national identity. In so doing, the volume contributes phenomenological and epistemic knowledge of media and power across disciplines and societal contexts. 
588 0 |a Print version record 
650 0 |a Mass media  |x Social aspects  |v Case studies. 
650 7 |a Social Science  |x General.  |2 bisacsh 
650 7 |a Society & social sciences.  |2 bicssc 
700 1 |a Williams, Apryl,  |e editor. 
700 1 |a Tsuria, Ruth,  |e editor. 
700 1 |a Robinson, Laura  |c (Sociologist),  |e editor. 
700 1 |a Khilnani, Aneka,  |e editor. 
776 |z 9781787694569 
830 0 |a Studies in media and communications ;  |v v. 16.  |x 2050-2060 
856 4 0 |u https://www.emerald.com/insight/publication/doi/10.1108/S2050-2060201816  |z Full Text via HEAL-Link